000 01754nam a2200301 4500
001 113400
003 DR-UNIBE
005 20250728145632.0
008 250331b2006 mx ||||| |||| 00| 0 spa d
020 _a9707125934 Colección completa
020 _a9707125950 tomo II
020 _a9707125942 tomo 1
040 _aBIBLIOTECA UNIBE
_bspa
_cBIBLIOTECA UNIBE
_erda
041 _aspa
082 _222
_a322.10972 M611s 2006
110 1 0 _aMexico. Suprema Corte de Justicia de la Nación
_eautor
_9194807
245 1 3 _aLa Suprema Corte de Justicia y la cuestión religiosa, 1917-1940 /
_cSuprema Corte de Justicia de la Nación
250 _aSegunda edición
260 _aMéxico :
_bSuprema Corte de Justicia de la Nación,
_c2006
300 _a2 tomos
_c23 x 19 cm
505 0 _aPresentación | Introducción | Estudio preliminar histórico-jurídico | 1. Archivos judiciales de la Primera Corte de Justicia: 1917-1919 | 2. Archivos judiciales de la Segunda Suprema Corte de Justicia: 1919-1923 | 3. Archivos judiciales Tercera Suprema Corte de Justicia 1923-1928 | 4. Archivos judiciales durante la época del "maximato" 1929-1934 | Tomo II. 5. Archivos judiciales durante la época del cardenismo: 1935-1940 | Apéndice documental | I. Ministros de la Suprema Corte de Justicia de la Nación 1917-1940 | 2. Documentos diversos | 3. Legislación
650 7 _2lemb
_aAdministración de justicia
_zMéxico
_xHistoria
_9197761
650 7 _2lemb
_aTtibunales constitucionales
_zMéxico
_9197762
650 7 _2lemb
_aReformas constitucionales
_zMéxico
_9197763
650 7 _2lemb
_aIglesia y estado
_zMéxico
_y1917-1940
_vCasos
_9197764
650 7 _2lemb
_aReligión y estado
_zMéxico
_ySiglo XX
_vCasos
_9197765
942 _2ddc
_cBK
999 _c113400
_d113400